[Event "?"]
[Site "Keres Memorial A Pae"]
[Date "1996.??.??"]
[Round "2"]
[White "Khalifman, A"]
[Black "Ehlvest, J"]
[Result "1/2-1/2"]
[WhiteElo "2650"]
[BlackElo "2660"]

1. d4 Nf6 2. Nf3 e6 3. c4 d5 4. Nc3 c6 5. Bg5 h6 6. Bxf6 Qxf6 
7. e3 Nd7 8. Bd3 dxc4 9. Bxc4 g6 10. O-O Bg7 11. e4 e5 12. d5 Nb6 
13. Bb3 Bg4 14. h4 Bxf3 15. Qxf3 Qxf3 16. gxf3 Ke7 1/2-1/2

[Event "?"]
[Site "Keres Memorial A Pae"]
[Date "1996.??.??"]
[Round "9"]
[White "Short, N"]
[Black "Hracek, Z"]
[Result "0-1"]
[WhiteElo "2665"]
[BlackElo "2650"]

1. e4 c5 2. Nf3 Nc6 3. d4 cxd4 4. Nxd4 Qc7 5. Nb5 Qb8 6. c4 e6 
7. Be2 Nf6 8. N5c3 Bd6 9. Be3 b6 10. Qc1 Bb7 11. f4 e5 12. O-O Bc5 
13. Kh1 Nd4 14. Bd3 Ng4 15. Bg1 Qd6 16. Nd5 Ne6 17. fxe5 Nxe5 
18. Bxc5 bxc5 19. Qe3 O-O 20. Nbc3 Bc6 21. Rad1 Rae8 22. Bb1 Qb8 
23. b3 a5 24. Qg3 Kh8 25. Rf5 f6 26. Rdf1 Ng5 27. Ne3 a4 28. bxa4 Qb2 
29. Ncd5 Nef7 30. R5f4 Qa3 31. h4 Ne6 32. R4f2 Nd4 33. Nc7 Re5 
34. Nb5 Bxb5 35. axb5 Ra8 36. Qh3 Nd8 37. Nd5 Qxh3+ 38. gxh3 Nf7 
39. Nb6 Ra7 40. a4 Re6 41. a5 Ne5 42. Ra2 Nb3 43. Rd1 Kg8 44. Rd5 Kf8 
45. Nc8 Rxa5 46. b6 Rxa2 47. Bxa2 Na5 48. Rxc5 Nec6 49. Bb1 Ke8 
50. Rd5 Nb7 51. c5 Ncd8 52. Bd3 Re5 53. Rxe5+ fxe5 54. Bc4 Nxc5 
55. Bd5 Ndb7 56. Kg2 Kd8 57. Na7 Nd6 58. Kf3 Na4 59. b7 Kc7 60. Kg4 Nc3 
61. Nc8 Nxc8 62. bxc8=Q+ Kxc8 63. Bb3 Nxe4 64. Kf5 Nc5 65. Bg8 e4 
66. Ke5 h6 67. Bc4 Kc7 68. Kd5 d6 69. Bb5 g6 70. Be8 e3 71. Bb5 h5 
72. Kd4 Kd8 73. Kxe3 Ke7 74. Bc4 Ne6 75. Ke4 Ng7 76. Kf4 Kf6 
77. Ba2 Nf5 78. Bb3 Nxh4 79. Bc4 Nf5 80. Ba2 Ne7 81. Bb3 g5+ 
82. Ke4 d5+ 83. Kd4 Kf5 84. Bd1 g4 85. hxg4+ hxg4 86. Ke3 Nc6 
87. Ba4 Ne7 88. Bd7+ Kg5 89. Be6 Nf5+ 90. Kd3 d4 91. Bd5 Kf4 
92. Bb7 g3 93. Ba8 Ke5 94. Ke2 Ne3 95. Bf3 g2 96. Kf2 d3 97. Bh5 d2 
98. Be2 Kd4 99. Kg1 Kc3 100. Kf2 Kc2 101. Kg1 d1=Q+ 102. Bxd1+ Kxd1 0-1

[Event "?"]
[Site "Keres Memorial B Pae"]
[Date "1996.??.??"]
[Round "1"]
[White "Kengis, E"]
[Black "Westerinen, H"]
[Result "1/2-1/2"]
[WhiteElo "2570"]
[BlackElo "2410"]

1. Nf3 d5 2. g3 Bg4 3. Bg2 Nd7 4. c4 dxc4 5. Na3 Ngf6 6. Nxc4 c6 
7. O-O e6 8. b4 Be7 9. Rb1 Qc7 10. d3 Nd5 11. Qe1 O-O 12. e4 Bxf3 
13. Bxf3 N5b6 14. Na5 Ne5 15. Be2 Rad8 16. Rb3 Na4 17. Bf4 Bf6 
18. Qb1 Qe7 19. Be3 Ng6 20. Ra3 Bb2 21. Qc2 Bxa3 22. Qxa4 Qxb4 
23. Qxb4 Bxb4 24. Nxb7 Rb8 25. Nc5 Bxc5 26. Bxc5 Rb2 27. Bxf8 Kxf8 
28. Bh5 Rxa2 29. Rb1 Ne5 30. Rb8+ Ke7 31. Rb7+ Ke8 32. d4 g6 
33. dxe5 gxh5 34. Rc7 Ra5 35. Rxc6 Rxe5 36. Ra6 Rxe4 37. Rxa7 Kf8 
38. h4 Rd4 39. Kg2 Rd3 40. Ra5 Rd5 41. Ra7 Rd3 1/2-1/2

[Event "?"]
[Site "Keres Memorial B Pae"]
[Date "1996.??.??"]
[Round "1"]
[White "Liiva, R"]
[Black "Gyimesi, Z"]
[Result "1-0"]
[WhiteElo "2425"]
[BlackElo "2545"]

1. e4 e5 2. Nc3 Nc6 3. Bc4 Nf6 4. d3 Bb4 5. Bg5 h6 6. Bxf6 Bxc3+ 
7. bxc3 Qxf6 8. Ne2 d6 9. Qd2 Qg5 10. g3 Qxd2+ 11. Kxd2 f5 12. f4 Rf8 
13. exf5 Bxf5 14. fxe5 Nxe5 15. Bd5 c6 16. Bg2 Bg4 17. Raf1 Ke7 
18. Nd4 Rae8 19. c4 a6 20. h3 Bd7 21. g4 Rxf1 22. Rxf1 Rf8 23. Rxf8 Kxf8 
24. Nb3 b6 25. Kc3 c5 26. Kd2 g5 27. Ke3 Ng6 28. Nd2 Nf4 29. Bf1 Ke7 
30. Ne4 Bc6 31. h4 Bxe4 32. Kxe4 Kf6 33. h5 Ke6 34. d4 Ke7 35. d5 Kf6 
36. a3 Ke7 37. Kf3 Kf7 38. Ke3 b5 39. cxb5 Nxd5+ 40. Kf3 axb5 
41. Bxb5 Ke7 42. a4 Nc3 43. Ke3 d5 44. Kd3 Ne4 45. c4 Nf2+ 46. Ke2 Nxg4 
47. a5 Kd6 48. a6 Kc7 49. cxd5 Nf6 50. d6+ Kb6 51. Kd3 g4 52. Ke3 Nd5+ 
53. Kf2 Nf6 54. d7 Nxd7 55. Bxd7 Kxa6 56. Kg3 Kb6 57. Kxg4 Kc7 
58. Bb5 Kd6 59. Kf5 Ke7 60. Kg6 Kf8 61. Bc4 1-0

[Event "?"]
[Site "Keres Memorial B Pae"]
[Date "1996.??.??"]
[Round "2"]
[White "Gyimesi, Z"]
[Black "Rotshagov, M"]
[Result "1/2-1/2"]
[WhiteElo "2545"]
[BlackElo "2495"]

1. d4 Nf6 2. c4 g6 3. Nc3 d5 4. Bf4 Bg7 5. e3 c5 6. dxc5 Qa5 
7. Qa4+ Qxa4 8. Nxa4 O-O 9. Nf3 Bd7 10. Nc3 dxc4 11. Bxc4 Rc8 
12. Ne5 Be8 13. O-O-O Nc6 14. Nd3 Na5 15. Bd5 Nd7 16. Ne4 Nb6 
17. Bb3 Bc6 18. f3 Nxb3+ 19. axb3 Bxe4 20. fxe4 Nd7 21. Kb1 Nxc5 
22. Nxc5 Rxc5 23. Rd7 g5 24. Bg3 Rb5 25. Ka2 Ra5+ 26. Kb1 Rb5 
27. Ka2 Ra5+ 1/2-1/2

[Event "?"]
[Site "Keres Memorial B Pae"]
[Date "1996.??.??"]
[Round "2"]
[White "Sepp, O"]
[Black "Epishin, V"]
[Result "0-1"]
[WhiteElo "2440"]
[BlackElo "2645"]

1. e4 c5 2. Nf3 d6 3. d4 cxd4 4. Nxd4 Nf6 5. Nc3 a6 6. Be2 e5 
7. Nb3 Be7 8. O-O O-O 9. Kh1 Be6 10. f4 Qc7 11. a4 Nbd7 12. f5 Bc4 
13. Bxc4 Qxc4 14. Nd2 Qc6 15. Qe2 Rac8 16. a5 d5 17. exd5 Nxd5 
18. Nxd5 Qxd5 19. c4 Qd4 20. Ra2 Nc5 21. b3 Rfd8 22. Ba3 f6 23. Rf3 Rc7 
24. Nf1 Qd1 25. Bxc5 Bxc5 26. h3 Rcd7 27. Kh2 Qxe2 28. Rxe2 Rd3 
29. Rxd3 Rxd3 30. b4 Bxb4 31. Rb2 Bc3 32. Rxb7 e4 33. Rb8+ Kf7 
34. Rb7+ Kf8 35. Rb8+ Ke7 36. Rb7+ Kd6 37. Rxg7 e3 38. Nxe3 Rxe3 
39. Ra7 Be5+ 40. g3 Rxg3 41. Rxa6+ Kc5 42. Re6 Ra3+ 43. Kg2 Kxc4 
44. a6 Kd5 0-1

[Event "?"]
[Site "Keres Memorial B Pae"]
[Date "1996.??.??"]
[Round "3"]
[White "Epishin, V"]
[Black "Kulaots, K"]
[Result "1-0"]
[WhiteElo "2645"]
[BlackElo "2400"]

1. d4 d5 2. c4 e6 3. Nf3 Nf6 4. Nc3 dxc4 5. e3 a6 6. Bxc4 b5 
7. Bd3 Bb7 8. O-O c5 9. dxc5 Bxc5 10. e4 Nbd7 11. Qe2 Qb8 12. Bg5 h6 
13. Bxf6 Nxf6 14. a4 O-O 15. Rac1 bxa4 16. Nxa4 Be7 17. Nc5 Bxc5 
18. Rxc5 Qd6 19. Rfc1 Rfd8 20. Ne1 Nd7 21. R5c3 Rac8 22. Rxc8 Rxc8 
23. Rxc8+ Bxc8 24. Qc2 Bb7 25. f3 Kf8 26. Qc3 Qc5+ 27. Qxc5+ Nxc5 
28. b4 Nd7 29. Kf2 Ke7 30. Ke3 Kd6 31. Nc2 Nb8 32. Nd4 Nc6 33. Nxc6 Kxc6 
34. Kd4 f6 35. f4 Bc8 36. e5 f5 37. Be2 g6 38. g4 fxg4 39. Bxg4 Kb6 
40. h4 h5 41. Be2 Bd7 42. Bc4 Kc6 43. Bxa6 Be8 44. Kc4 Kb6 45. Bc8 Bf7 
46. Bd7 Kc7 47. Bb5 Kb6 48. Ba4 1-0

[Event "?"]
[Site "Keres Memorial B Pae"]
[Date "1996.??.??"]
[Round "3"]
[White "Liiva, R"]
[Black "Kveinys, A"]
[Result "0-1"]
[WhiteElo "2425"]
[BlackElo "2500"]

1. e4 c5 2. Nf3 e6 3. Nc3 a6 4. g3 b5 5. d4 cxd4 6. Nxd4 Bb7 
7. Bg2 Nf6 8. Qe2 d6 9. O-O Nbd7 10. Nxe6 fxe6 11. e5 Bxg2 12. exf6 Qxf6 
13. Kxg2 Be7 14. Re1 Kf7 15. Bg5 Qf5 16. Bxe7 Kxe7 17. g4 Qe5 
18. Qf3 Raf8 19. Rxe5 Rxf3 20. Rxe6+ Kxe6 21. Kxf3 Ne5+ 22. Kg3 h5 
23. gxh5 Rxh5 24. f4 Nc4 25. b4 Na3 26. Re1+ Kd7 27. Re2 d5 28. Kg4 g6 
29. Rd2 Kd6 30. Ne4+ Kc6 31. Ng3 Rh8 32. Kg5 Rg8 33. Ne2 a5 34. Nd4+ Kd7 
35. bxa5 Nc4 36. Re2 Nd6 37. Re6 Nf5 38. Re5 Ne7 0-1

[Event "?"]
[Site "Keres Memorial B Pae"]
[Date "1996.??.??"]
[Round "3"]
[White "Rotshagov, M"]
[Black "Westerinen, H"]
[Result "1/2-1/2"]
[WhiteElo "2495"]
[BlackElo "2410"]

1. e4 d5 2. exd5 Qxd5 3. Nc3 Qa5 4. d4 Nf6 5. Nf3 Bf5 6. Bd2 c6 
7. Bc4 e6 8. Qe2 Bb4 9. O-O-O Nbd7 10. Nh4 Bg4 11. f3 Bxc3 12. bxc3 Bh5 
13. g4 Bg6 14. Bb3 Qa3+ 15. Kb1 a5 16. Nf5 a4 17. Nxg7+ Kd8 18. Bc1 Qf8 
19. Bh6 axb3 20. Nxe6+ fxe6 21. Bxf8 bxc2+ 22. Ka1 cxd1=Q+ 23. Rxd1 Rxf8 
24. c4 Kc7 25. h4 Ra4 26. Qh2+ Kc8 27. h5 Bf7 28. Rc1 Ne8 29. Qc2 Ra3 
30. Qxh7 Rxf3 31. g5 Bg8 32. Qe7 Rh3 33. h6 Nc7 34. Qg7 Ne8 35. Qe7 Rh2 
36. Rg1 e5 37. d5 cxd5 38. cxd5 Bxd5 39. h7 Nc7 40. Rc1 Bc4 41. h8=Q Rxa2+ 
42. Kb1 Rxh8 43. Rxc4 Ra6 44. Qg7 Rh1+ 45. Kc2 Rh2+ 46. Kb1 Rh1+ 1/2-1/2

[Event "?"]
[Site "Keres Memorial B Pae"]
[Date "1996.??.??"]
[Round "4"]
[White "Gyimesi, Z"]
[Black "Epishin, V"]
[Result "1-0"]
[WhiteElo "2545"]
[BlackElo "2645"]

1. d4 Nf6 2. c4 e6 3. Nc3 Bb4 4. e3 O-O 5. Ne2 d5 6. a3 Be7 7. cxd5 exd5 
8. g3 c6 9. Bg2 Na6 10. O-O Nc7 11. f3 c5 12. Bd2 b6 13. Be1 Re8 
14. Qd2 Ba6 15. Bf2 cxd4 16. exd4 Bd6 17. Rfe1 h6 18. Nf4 Qd7 
19. Be3 Re7 20. Bh3 Qc6 21. Rac1 Qb7 22. Ng2 h5 23. Nh4 g6 24. Bg5 Rxe1+ 
25. Rxe1 Nh7 26. Be7 Bxe7 27. Rxe7 Re8 28. Qe3 Rxe7 29. Qxe7 Qc6 
30. f4 Nf8 31. Nf3 f6 32. f5 g5 33. Nxg5 Qe8 34. Qxe8 Nxe8 35. Ne6 Nxe6 
36. fxe6 Nc7 37. e7 Kf7 38. Nxd5 Nxd5 39. Be6+ Kxe7 40. Bxd5 Bd3 
41. Kf2 Kd6 42. Bf7 h4 43. gxh4 Ke7 44. Ke3 Bc2 45. Bd5 1-0

[Event "?"]
[Site "Keres Memorial B Pae"]
[Date "1996.??.??"]
[Round "4"]
[White "Kveinys, A"]
[Black "Rotshagov, M"]
[Result "1/2-1/2"]
[WhiteElo "2500"]
[BlackElo "2495"]

1. e4 c5 2. Nf3 d6 3. d4 cxd4 4. Nxd4 Nf6 5. Nc3 e6 6. g4 h6 
7. Bg2 Nc6 8. h3 Bd7 9. Nde2 g5 10. f4 gxf4 11. Bxf4 Ne5 12. Qd4 Qc7 
13. O-O-O Be7 14. Rhf1 b5 15. Bg3 Rc8 16. Nf4 Qc5 17. Qxc5 Rxc5 
18. Kb1 b4 19. Nce2 Bb5 20. Nd3 Nxd3 21. cxd3 h5 22. Bf2 hxg4 
23. Bxc5 dxc5 24. Rh1 gxh3 25. Rxh3 Rxh3 26. Bxh3 Nxe4 27. dxe4 Bxe2 
28. Rd2 Bb5 29. Kc2 Bf6 30. Bg4 Ke7 31. Rh2 Bc6 32. Kd3 Bb5+ 
33. Kc2 Be5 34. Rf2 Bd4 35. Rh2 a5 36. Be2 Bc6 37. Rh4 a4 38. Bd3 Kd6 
39. b3 axb3+ 40. axb3 Be3 41. Rh5 f6 42. Rh3 Bd4 43. Rh5 Bc3 
44. Kc1 Be5 45. Kc2 Bd4 46. Kb1 1/2-1/2

[Event "?"]
[Site "Keres Memorial B Pae"]
[Date "1996.??.??"]
[Round "4"]
[White "Sepp, O"]
[Black "Kulaots, K"]
[Result "0-1"]
[WhiteElo "2440"]
[BlackElo "2400"]

1. e4 c5 2. d3 Nc6 3. g3 g6 4. Bg2 Bg7 5. f4 e6 6. c3 Nge7 7. Be3 d6 
8. Nf3 O-O 9. O-O b6 10. d4 e5 11. d5 exf4 12. gxf4 Nb8 13. Qd2 Nd7 
14. c4 Nf6 15. Nc3 Ng4 16. Kh1 Nxe3 17. Qxe3 Re8 18. Qf2 Ba6 
19. f5 Bxc4 20. Rg1 Nc8 21. Bh3 Bxc3 22. bxc3 Rxe4 23. Ng5 Bxd5 
24. Nxe4 Bxe4+ 25. Bg2 Bxg2+ 26. Qxg2 Ne7 27. Raf1 Rc8 28. Qg5 Qe8 
29. Rg2 Nc6 30. fxg6 hxg6 31. Qd5 Ne5 32. Qxd6 Rd8 33. Qf6 Nc4 
34. Re2 Qd7 35. Rfe1 Rf8 36. Qf4 Qd3 37. Qg3 Qd5+ 38. Qg2 Qh5 
39. Re4 Nd6 40. Re5 Nf5 41. Rf1 Kh7 42. Rf3 Rd8 43. Re1 Kg7 44. Ref1 Nh6 
45. Qe2 Qd5 46. c4 Qd6 47. Qb2+ Qd4 48. Qxd4+ cxd4 49. Kg1 Nf5 
50. Kf2 Nd6 51. Ke2 f5 52. Kd3 Ne4 53. Re1 Nc5+ 54. Kd2 Kf6 55. h4 d3 
56. Rf4 g5 57. hxg5+ Kxg5 58. Ref1 Ne4+ 59. Ke3 Ng3 60. Rg1 d2 
61. Rd4 f4+ 62. Kd3 Rxd4+ 63. Kxd4 Kf5 64. Rd1 Ne4 65. a4 f3 
66. Ke3 f2 67. Ra1 a5 68. Rf1 Ng3 69. Rxf2+ Ke5 0-1

[Event "?"]
[Site "Keres Memorial B Pae"]
[Date "1996.??.??"]
[Round "5"]
[White "Kulaots, K"]
[Black "Gyimesi, Z"]
[Result "1/2-1/2"]
[WhiteElo "2400"]
[BlackElo "2545"]

1. e4 e5 2. Nf3 Nc6 3. d4 exd4 4. Nxd4 Nf6 5. Nxc6 bxc6 6. Bd3 d5 
7. Nc3 Bb4 8. exd5 cxd5 9. O-O O-O 10. h3 Re8 11. Qf3 c6 1/2-1/2

[Event "?"]
[Site "Keres Memorial B Pae"]
[Date "1996.??.??"]
[Round "5"]
[White "Liiva, R"]
[Black "Sepp, O"]
[Result "1/2-1/2"]
[WhiteElo "2425"]
[BlackElo "2440"]

1. e4 e5 2. Nf3 Nc6 3. Nc3 Nf6 4. Bb5 Nd4 5. Nxd4 exd4 6. e5 dxc3 
7. exf6 Qxf6 8. dxc3 Bc5 9. Qe2+ Qe6 10. O-O O-O 11. Bf4 Qxe2 
12. Bxe2 d6 13. Bf3 a5 14. Rfe1 Be6 15. Rad1 Rae8 16. b3 Bc8 
17. Kf1 h6 18. h4 Bb6 19. Be4 Re6 20. Bd5 Rxe1+ 21. Rxe1 c6 22. Bc4 d5 
23. Bd3 Be6 24. c4 dxc4 25. Bxc4 Bxc4+ 26. bxc4 Bc5 27. Be3 Bxe3 
28. Rxe3 Rd8 29. g3 Rd4 30. Re8+ Kh7 31. Re7 Rxc4 32. Rxb7 Kg6 
33. Ra7 Rc5 34. Ke1 Rxc2 35. Rxa5 Kf6 36. Ra7 Ke6 37. Rc7 g5 
38. hxg5 hxg5 39. a4 f5 40. a5 g4 41. a6 Kd6 42. Rf7 Ke5 43. Re7+ Kd6 
44. Rf7 Ke6 45. Rc7 Kd6 46. Rf7 1/2-1/2

[Event "?"]
[Site "Keres Memorial B Pae"]
[Date "1996.??.??"]
[Round "5"]
[White "Rotshagov, M"]
[Black "Kengis, E"]
[Result "1-0"]
[WhiteElo "2495"]
[BlackElo "2570"]

1. e4 c5 2. Nf3 d6 3. d4 cxd4 4. Nxd4 Nf6 5. Nc3 Bd7 6. Be3 Ng4 
7. Bg5 h6 8. Bh4 g5 9. Bg3 Nc6 10. Be2 Nge5 11. Nf5 Bxf5 12. exf5 Qd7 
13. Nd5 O-O-O 14. Ne3 Bg7 15. c3 e6 16. Qc2 Ne7 17. fxe6 Qxe6 
18. Bxe5 Qxe5 19. O-O-O h5 20. Kb1 Kb8 21. h3 d5 22. Bf3 Qc7 
23. Nxd5 Nxd5 24. Bxd5 Be5 25. Rhe1 f6 26. Re4 a5 27. c4 Rh7 
28. Re3 Rhd7 29. Rb3 Rd6 30. Rdd3 R8d7 31. a4 Rb6 32. Rxb6 Qxb6 
33. c5 Qb4 34. c6 Rc7 35. Rb3 Qd4 36. Rxb7+ Rxb7 37. cxb7 Ka7 
38. Qb3 Kb8 39. Qb5 1-0

[Event "?"]
[Site "Keres Memorial B Pae"]
[Date "1996.??.??"]
[Round "5"]
[White "Veingold, A"]
[Black "Kveinys, A"]
[Result "1/2-1/2"]
[WhiteElo "2425"]
[BlackElo "2500"]

1. d4 Nf6 2. Nf3 d5 3. c4 e6 4. Nc3 Be7 5. Bg5 O-O 6. e3 Nbd7 
7. Rc1 dxc4 8. Bxc4 a6 9. a4 c5 10. O-O cxd4 11. exd4 Nb6 12. Bb3 Bd7 
13. Ne5 Bc6 1/2-1/2

[Event "?"]
[Site "Keres Memorial B Pae"]
[Date "1996.??.??"]
[Round "6"]
[White "Kveinys, A"]
[Black "Epishin, V"]
[Result "1/2-1/2"]
[WhiteElo "2500"]
[BlackElo "2645"]

1. e4 c6 2. d4 d5 3. e5 Bf5 4. Nf3 e6 5. Be2 c5 6. Be3 cxd4 7. Nxd4 Ne7 
8. Bg5 Qa5+ 9. Nc3 Bg6 10. O-O Nec6 11. Nb3 Qb6 12. Be3 Qd8 13. f4 Nd7 
14. g4 f5 15. Bd3 fxg4 16. Qxg4 Bf7 17. Nxd5 exd5 18. e6 Nf6 
19. exf7+ Kxf7 20. Qh3 Bd6 21. Rae1 Qc7 22. Bd2 Rae8 23. Rxe8 Rxe8 
24. Bxh7 Ne7 25. Bd3 Qc8 26. Qxc8 Rxc8 27. Be3 b6 28. Nd4 Ng4 
29. Nb5 Bb8 30. Bd4 Rh8 31. Be2 Rh4 32. h3 Rxh3 33. Kg2 Rh2+ 
34. Kf3 Rh4 35. Bd3 Nh2+ 36. Kg3 g5 37. Rf2 Ng4 38. Rf3 Nh2 39. Rf2 Ng4 
40. Rf3 Nh2 1/2-1/2

[Event "?"]
[Site "Keres Memorial B Pae"]
[Date "1996.??.??"]
[Round "6"]
[White "Sepp, O"]
[Black "Gyimesi, Z"]
[Result "1-0"]
[WhiteElo "2440"]
[BlackElo "2545"]

1. e4 c5 2. Nf3 d6 3. c3 Nf6 4. Be2 Nbd7 5. d3 b6 6. O-O Bb7 
7. Re1 g6 8. Bf1 Bg7 9. Nbd2 O-O 10. d4 e6 11. h3 Qc7 12. a3 a6 
13. b4 c4 14. Qc2 b5 15. a4 e5 16. Nb1 Rfe8 17. d5 Nb6 18. axb5 axb5 
19. Rxa8 Nxa8 20. Na3 Qd7 21. Be3 Nc7 22. Nd2 Nh5 23. Be2 Nf4 
24. Bg4 Qe7 25. Ra1 f5 26. exf5 Ncxd5 27. Nxb5 gxf5 28. Bxf4 fxg4 
29. Bg3 Bc6 30. Ra7 Qe6 31. Nc7 Nxc7 32. Rxc7 Qd5 33. f3 gxf3 
34. gxf3 Qb5 35. Bf2 Rf8 36. Ne4 Ba8 37. Ng5 e4 38. Ne6 Bf6 39. fxe4 Qe5 
40. Nxf8 1-0

[Event "?"]
[Site "Keres Memorial B Pae"]
[Date "1996.??.??"]
[Round "7"]
[White "Epishin, V"]
[Black "Kengis, E"]
[Result "1/2-1/2"]
[WhiteElo "2645"]
[BlackElo "2570"]

1. d4 Nf6 2. c4 e6 3. Nf3 b6 4. g3 Ba6 5. b3 b5 6. cxb5 Bxb5 
7. Bg2 Bc6 8. O-O Be7 9. Bg5 a5 10. Qc2 Na6 11. Nc3 Nb4 12. Qb2 O-O 
13. a3 Na6 14. Qc2 d5 15. Ne5 Be8 16. e4 c6 17. Rfd1 h6 18. Be3 Nc7 
19. Nd3 dxe4 20. Nxe4 Nxe4 21. Bxe4 Nd5 22. Bd2 Nf6 23. Bf3 Qxd4 
24. Be3 Qd8 25. Ne5 Qc8 26. Bc5 Bxc5 27. Qxc5 Nd5 28. Nc4 Qa6 
29. Rac1 Qa7 30. Qxa7 Rxa7 31. Ne5 Rb7 32. Nxc6 Bxc6 33. Rxc6 Rxb3 
34. Bxd5 exd5 1/2-1/2

[Event "?"]
[Site "Keres Memorial B Pae"]
[Date "1996.??.??"]
[Round "7"]
[White "Gyimesi, Z"]
[Black "Westerinen, H"]
[Result "1/2-1/2"]
[WhiteElo "2545"]
[BlackElo "2410"]

1. d4 d5 2. Nf3 c5 3. dxc5 Nf6 4. c4 e6 5. cxd5 Qxd5 6. Qc2 Qe4 
7. Na3 Qxc2 8. Nxc2 Bxc5 9. b4 Bd6 10. Bb2 Bd7 11. e3 Ke7 12. Bd3 Ba4 
13. a3 Rc8 14. Kd2 1/2-1/2

[Event "?"]
[Site "Keres Memorial B Pae"]
[Date "1996.??.??"]
[Round "7"]
[White "Rotshagov, M"]
[Black "Sepp, O"]
[Result "1/2-1/2"]
[WhiteElo "2495"]
[BlackElo "2440"]

1. e4 e5 2. Nf3 Nc6 3. Bb5 a6 4. Ba4 Nf6 5. O-O Be7 6. Re1 b5 
7. Bb3 d6 8. c3 O-O 9. h3 Nd7 10. d4 Bf6 11. a4 Bb7 12. Na3 Nb6 
13. axb5 axb5 14. d5 Ne7 15. Be3 c6 16. dxc6 Bxc6 17. Bxb6 Qxb6 
18. Qxd6 Rfd8 19. Qb4 Qb7 20. Nh2 Ng6 21. Bd5 Bxd5 22. exd5 Rab8 
23. c4 bxc4 24. Qxb7 Rxb7 25. Nxc4 Rxd5 26. Ng4 h5 27. Ra8+ Kh7 
28. Nxf6+ gxf6 29. Ra6 Rd4 30. Ne3 Rxb2 31. Rxf6 Rf4 32. Rxf4 exf4 
33. Nc4 Rb7 34. Nd6 Rd7 35. Ne8 Kh6 36. Nf6 Rd6 37. Ne4 Re6 38. Kf1 Nh4 
39. Re2 f3 40. gxf3 Nxf3 41. Re3 1/2-1/2

[Event "?"]
[Site "Keres Memorial B Pae"]
[Date "1996.??.??"]
[Round "7"]
[White "Veingold, A"]
[Black "Liiva, R"]
[Result "1/2-1/2"]
[WhiteElo "2425"]
[BlackElo "2425"]

1. d4 d5 2. Nf3 c6 3. c4 Nf6 4. Nc3 e6 5. Bg5 Nbd7 6. e3 Qa5 
7. Nd2 Bb4 8. Qc2 c5 9. Nb3 Qa4 10. Bxf6 Nxf6 11. dxc5 Bd7 12. cxd5 Nxd5 
13. Bd3 Rc8 14. a3 Bxc3+ 15. bxc3 Qg4 16. c4 Nf6 17. O-O Ba4 
18. Qb2 Nd7 19. Be2 Qg5 20. Bf3 Qe5 21. Qb1 Qc7 22. Rc1 Bxb3 
23. Qxb3 Nxc5 24. Qb5+ Ke7 25. Rab1 b6 26. Rd1 Rhd8 27. Rd4 f6 
28. g3 Nd7 29. Rbd1 Ne5 30. Be2 Nf7 31. Qb4+ Qc5 32. Qa4 Qc7 
33. Qb4+ Rd6 34. a4 Qc5 35. Qb1 g6 36. h4 Rcd8 37. Qe4 Qc7 38. h5 f5 
39. Qb1 Qc5 40. hxg6 hxg6 41. Qb2 e5 42. Rxd6 Rxd6 43. Rxd6 Nxd6 
44. g4 Ke6 45. gxf5+ gxf5 46. Bf1 Qc6 47. Qa2 Qc5 48. Qe2 Qc7 
49. Qd3 Qc6 50. Qb3 Qc5 51. Qd1 Qc6 52. Qh5 Qxa4 53. Qg6+ Kd7 
54. Qg7+ Ke6 55. Qg6+ Kd7 56. Qg7+ Ke6 1/2-1/2

[Event "?"]
[Site "Keres Memorial B Pae"]
[Date "1996.??.??"]
[Round "8"]
[White "Kengis, E"]
[Black "Kulaots, K"]
[Result "1/2-1/2"]
[WhiteElo "2570"]
[BlackElo "2400"]

1. Nf3 c5 2. g3 g6 3. c3 Bg7 4. d4 Qa5 5. dxc5 Qxc5 6. Bg2 d6 
7. Be3 Qc7 8. O-O Nf6 9. Na3 Nc6 10. Nb5 Qd8 11. Nbd4 Bd7 12. c4 O-O 
13. Rc1 Ng4 14. Nxc6 Nxe3 15. Nxd8 Nxd1 16. Rfxd1 Rfxd8 17. Nd4 Rab8 
18. b3 Rdc8 19. a4 Bxd4 20. Rxd4 b5 21. axb5 Rxb5 22. Rd3 Rbc5 
23. Ra1 a5 24. Rd5 Rxd5 25. Bxd5 Rc5 26. f4 Kf8 27. Kf2 e6 28. Bf3 Ke7 
29. Ke3 a4 30. bxa4 Ra5 1/2-1/2

[Event "?"]
[Site "Keres Memorial B Pae"]
[Date "1996.??.??"]
[Round "8"]
[White "Liiva, R"]
[Black "Epishin, V"]
[Result "1/2-1/2"]
[WhiteElo "2425"]
[BlackElo "2645"]

1. e4 c5 2. Nf3 e6 3. c3 Nf6 4. e5 Nd5 5. d4 cxd4 6. cxd4 b6 
7. Nc3 Nxc3 8. bxc3 Qc7 9. Bb2 Bb7 10. Bd3 d6 11. O-O Nd7 12. exd6 Bxd6 
13. c4 O-O 14. h3 Rfe8 15. Re1 g6 16. Qe2 Bf8 17. Nd2 Bg7 18. Be4 Red8 
19. Bxb7 Qxb7 20. Nf3 Rac8 21. Rad1 Re8 22. d5 e5 23. Nd2 f5 
24. Nf3 Qc7 25. Rc1 h6 26. g4 Qd6 27. gxf5 gxf5 28. Nh4 Qf6 29. Qh5 Rf8 
30. f4 Rce8 31. Rc2 b5 32. Rce2 Qb6+ 33. Kh2 Nf6 34. Qg6 Ne4 1/2-1/2

[Event "?"]
[Site "Keres Memorial B Pae"]
[Date "1996.??.??"]
[Round "8"]
[White "Rotshagov, M"]
[Black "Veingold, A"]
[Result "1/2-1/2"]
[WhiteElo "2500"]
[BlackElo "2500"]

1. e4 c5 2. Nf3 d6 3. d4 Nf6 4. Nc3 cxd4 5. Nxd4 Nc6 6. g3 e6 
7. Bg2 Bd7 8. Be3 a6 9. O-O Be7 10. a4 Qc7 11. Nb3 Ne5 12. a5 Nc4 
13. Bc1 O-O 14. Qe2 Rfc8 15. Rd1 h6 16. Bf1 e5 17. h3 Rab8 1/2-1/2

[Event "?"]
[Site "Keres Memorial B Pae"]
[Date "1996.??.??"]
[Round "9"]
[White "Kulaots, K"]
[Black "Liiva, R"]
[Result "1/2-1/2"]
[WhiteElo "2425"]
[BlackElo "2400"]

1. e4 e5 2. Nf3 Nc6 3. Nc3 Nf6 4. Bb5 Nd4 5. Nxd4 exd4 6. e5 dxc3 
7. exf6 Qxf6 8. dxc3 Qe5+ 9. Be2 Bc5 10. O-O O-O 11. Bd3 d6 12. Qf3 1/2-1/2

[Event "?"]
[Site "Keres Memorial B Pae"]
[Date "1996.??.??"]
[Round "9"]
[White "Westerinen, H"]
[Black "Kveinys, A"]
[Result "0-1"]
[WhiteElo "2410"]
[BlackElo "2500"]

1. e4 c5 2. c3 d5 3. exd5 Qxd5 4. d4 Nf6 5. Na3 a6 6. Nc2 cxd4 
7. Qxd4 Qxd4 8. Nxd4 e5 9. Nb3 Nc6 10. Nf3 Be7 11. Be3 Bg4 12. Nfd2 Nd5 
13. Bc5 Bxc5 14. Nxc5 O-O-O 15. g3 e4 16. Be2 Bxe2 17. Kxe2 Rhe8 
18. Nc4 Ne5 19. Nxe5 Rxe5 20. Nb3 f5 21. Rad1 f4 22. gxf4 Nxf4+ 
23. Ke3 Nd5+ 24. Ke2 e3 25. fxe3 Rxe3+ 26. Kf2 Rf8+ 27. Kg1 Re6 0-1